|
|
|
|
| LEADER |
00686cam a2200193 7i4500 |
| 001 |
0000010132 |
| 005 |
20200602090000.0 |
| 020 |
|
|
|a 0323007597
|
| 090 |
0 |
0 |
|a RB37
|b .L56 1999
|
| 100 |
1 |
|
|a Linne, Jean Jorgenson
|
| 245 |
1 |
0 |
|a Clinical laboratory science :
|b the basics
|c Jean Jorgenson Linnie, Karen Munson Ringsrud.
|
| 260 |
|
|
|a St. Louis:
|b Mosby,
|c 1999.
|
| 300 |
|
|
|a xv, 285 p.:
|b ill.;
|c 23 cm.
|
| 504 |
|
|
|a Includes bibliographical references and index
|
| 650 |
0 |
0 |
|a Medical laboratory technology
|
| 700 |
1 |
|
|a Ringsrud, Karen Munson
|
| 997 |
|
|
|a Health Sciences, Faculty
|
| 998 |
|
|
|a Medical Laboratory Technology, Diploma
|
| 999 |
|
|
|a 0000016149
|b BOK
|c OPEN SHELF
|e 1st Floor, Shah Alam
|